000 00344nam a2200145Ia 4500
008 230718s9999 xx 000 0 und d
041 _aEng.
082 _a510.202
_bWAL-P
100 _aWalpole, Ronald E
245 0 _aProbability and Statistics
260 _aPakistan
_bSweet & Maxwell
_c2000
300 _a832
650 _aLaw
999 _c26871
_d26871